ABBA - Paroles Voulez-Vous - Statistiques

Statistiques générales
  • Ce quiz a été pris 11 fois
  • Le résultat moyen est 299 sur 425
Statistiques - réponses
Hint Réponse % Correct
A
100%
a
100%
Bridge | Refrain Voulez
100%
huh
100%
huh,
100%
uh
100%
Voulez
100%
voulez
100%
vous,
100%
vous
100%
c'
91%
Couplet 2 I
91%
est
91%
I
91%
the
91%
The
91%
La
82%
question
82%
You
82%
you
82%
again,
73%
do,
73%
go
73%
no
73%
regrets
73%
we
73%
her
64%
here
64%
it
64%
it,
64%
leave
64%
Nothing
64%
now
64%
Now
64%
of
64%
or
64%
promised,
64%
Take
64%
to
64%
and
55%
are
55%
Pré-refrain And
55%
in
55%
is
55%
know
55%
Couplet 1 People
55%
so
55%
what
55%
your
55%
big
45%
dark
45%
decision,
45%
end
45%
mean
45%
more
45%
room,
45%
we're
45%
air
36%
all
36%
back
36%
before,
36%
everywhere
36%
get
36%
get,
36%
glowing
36%
Master
36%
Masters
36%
scene
36%
see
36%
some
36%
spark
36%
start,
36%
think
36%
uh
36%
Ain't
27%
came,
27%
done
27%
drink
27%
expectation
27%
eyes
27%
game
27%
girl
27%
Givin'
27%
I'll
27%
out
27%
pushin'
27%
rules,
27%
sense
27%
through
27%
We've
27%
Across
18%
business,
18%
Pré-refrain I'm
18%
glad
18%
hangin'
18%
Lookin'
18%
means
18%
mighty
18%
offer
18%
proud
18%
really
18%
table,
18%
crowd
9%
Aucun quiz correspondant
Distribution des résultats
% des personnes avec chaque résultat
Percentile par nombre de réponses
Votre historique - résultats
Vous n’avez pas pris ce quiz